[Event "Rutas de Cuenca op 6th"]
[Site "Cuenca"]
[Date "2019.07.19"]
[Round "1"]
[White "Nicolas Zapata, Javier"]
[Black "Selva Salvador, Antonio"]
[Result "1-0"]
[WhiteElo "2179"]
[BlackElo "1797"]
[PlyCount "53"]
[EventDate "2019.07.19"]
[EventType "swiss"]
[EventRounds "7"]
[EventCountry "ESP"]
[SourceTitle "CBM 195 Extra"]
[Source "ChessBase"]
[SourceDate "2020.05.31"]
[SourceVersion "1"]
[SourceVersionDate "2020.05.31"]
[SourceQuality "1"]

1. Nf3 Nf6 2. g3 g6 3. Bg2 Bg7 4. 0-0 0-0 5. d4 d5 6. c4 c6 7. cxd5 cxd5 8. Ne5 e6 9. Nc3 Nc6 10. Nxc6 bxc6 11. b3 Re8 12. e3 c5 13. dxc5 Ne4 14. Nxe4 Bxa1 15. Nd6 Re7 16. e4 Ba6 17. Bg5 Bxf1 18. Qxf1 Bd4 19. Bxe7 Qxe7 20. exd5 Bxc5 21. dxe6 Rd8 22. exf7+ Kf8 23. Ne4 Bb6 24. Qc1 Qxf7 25. h4 Kg7 26. Kh2 Bxf2 27. Nxf2 1-0

[Event "La Roda op 46th"]
[Site "La Roda"]
[Date "2019.04.20"]
[Round "7"]
[White "Suarez Uriel, Adrian"]
[Black "Nicolas Zapata, Javier"]
[Result "1/2-1/2"]
[WhiteElo "2397"]
[BlackElo "2171"]
[PlyCount "33"]
[EventDate "2019.04.17"]
[EventType "swiss"]
[EventRounds "9"]
[EventCountry "ESP"]
[SourceTitle "CBM 189 Extra"]
[Source "ChessBase"]
[SourceDate "2019.06.03"]
[SourceVersion "1"]
[SourceVersionDate "2019.06.03"]
[SourceQuality "1"]

1. e4 e6 2. d4 d5 3. Nc3 dxe4 4. Nxe4 Nf6 5. Nxf6+ Qxf6 6. Nf3 h6 7. Bd3 Nc6 8. 0-0 Bd6 9. Re1 0-0 10. c3 e5 11. dxe5 Nxe5 12. Nxe5 Bxe5 13. Qh5 Re8 14. Bd2 Bd7 15. Be4 Bd6 16. Rad1 Re5 17. Qf3 1/2-1/2

[Event "La Roda op 46th"]
[Site "La Roda"]
[Date "2019.04.18"]
[Round "2"]
[White "Predke, Alexandr"]
[Black "Nicolas Zapata, Javier"]
[Result "1-0"]
[WhiteElo "2619"]
[BlackElo "2171"]
[PlyCount "83"]
[EventDate "2019.04.17"]
[EventType "swiss"]
[EventRounds "9"]
[EventCountry "ESP"]
[SourceTitle "CBM 189 Extra"]
[Source "ChessBase"]
[SourceDate "2019.06.03"]
[SourceVersion "1"]
[SourceVersionDate "2019.06.03"]
[SourceQuality "1"]

1. d4 Nf6 2. Nf3 g6 3. g3 Bg7 4. Bg2 d5 5. 0-0 0-0 6. c3 Ne4 7. Bf4 c5 8. dxc5 Na6 9. Nbd2 Naxc5 10. Nxe4 Nxe4 11. Qb3 Nc5 12. Qa3 b6 13. Rfd1 Bb7 14. c4 d4 15. Nxd4 Bxd4 16. Bxb7 Nxb7 17. Bh6 e5 18. e3 Bc5 19. Rxd8 Bxa3 20. Bxf8 Rxd8 21. Bxa3 Rd2 22. Bb4 Rxb2 23. Bc3 Rc2 24. Bxe5 Nc5 25. Rd1 f6 26. Bxf6 Ne4 27. Rd8+ Kf7 28. Bd4 Nxf2 29. Rd7+ Ke6 30. Rxa7 Ng4 31. Rxh7 g5 32. h4 gxh4 33. gxh4 Nh2 34. h5 Rd2 35. Rh6+ Kf5 36. Rf6+ Kg4 37. h6 Nf3+ 38. Rxf3 Kxf3 39. h7 Rd1+ 40. Kh2 Rd2+ 41. Kh3 Rd1 42. Be5 1-0

[Event "Xativa Murta op 4th"]
[Site "Xativa"]
[Date "2018.07.17"]
[Round "3"]
[White "Nicolas Zapata, Javier"]
[Black "Torres Sanchez, Jose"]
[Result "1-0"]
[WhiteElo "2142"]
[BlackElo "2357"]
[PlyCount "43"]
[EventDate "2018.07.16"]
[EventType "swiss"]
[EventRounds "7"]
[EventCountry "ESP"]
[SourceTitle "CBM 185 Extra"]
[Source "ChessBase"]
[SourceDate "2018.07.29"]
[SourceVersion "1"]
[SourceVersionDate "2018.07.29"]
[SourceQuality "1"]

1. d4 Nf6 2. Nf3 g6 3. g3 Bg7 4. Bg2 0-0 5. 0-0 d6 6. b3 Ne4 7. Bb2 c5 8. Nbd2 f5 9. c4 Nc6 10. Qc2 cxd4 11. Nxe4 fxe4 12. Qxe4 Bf5 13. Qf4 a5 14. Qd2 e5 15. e3 d3 16. Ne1 e4 17. Bxg7 Kxg7 18. f3 exf3 19. Nxf3 Qe7 20. Ne1 Nb4 21. a3 Qe5 22. Nf3 1-0

[Event "Almansa op-A 12th"]
[Site "Almansa"]
[Date "2017.08.05"]
[Round "8"]
[White "Nicolas Zapata, Javier"]
[Black "Perez Beltran, Salvador"]
[Result "1-0"]
[WhiteElo "2138"]
[BlackElo "1908"]
[PlyCount "77"]
[EventDate "2017.08.01"]
[EventType "swiss"]
[EventRounds "9"]
[EventCountry "ESP"]
[SourceTitle "CBM 179 Extra"]
[Source "ChessBase"]
[SourceDate "2017.08.23"]
[SourceVersion "1"]
[SourceVersionDate "2017.08.23"]
[SourceQuality "1"]

1. e4 c6 2. d4 d5 3. exd5 cxd5 4. c4 Nf6 5. Nc3 Nc6 6. Bg5 Be6 7. Nge2 Nh5 8. Qb3 Na5 9. Qb5+ Bd7 10. Qxd5 h6 11. Bh4 g5 12. Bg3 Nf6 13. Qf3 Nxc4 14. Qxb7 Rc8 15. Nb5 Bc6 16. Nc7+ Kd7 17. Qb3 Na5 18. Qb4 Rxc7 19. Qxa5 Rb7 20. Qxd8+ Kxd8 21. Rc1 Kd7 22. Nc3 Rxb2 23. d5 Bb7 24. Na4 Rb4 25. Nc5+ Ke8 26. a3 Rb2 27. Be5 Rb6 28. d6 Rg8 29. Nxb7 Rxb7 30. Rc8+ Kd7 31. Rc7+ Rxc7 32. dxc7 Bg7 33. Ba6 Bh8 34. Ke2 Nd5 35. c8Q+ Rxc8 36. Bxc8+ Kxc8 37. Bxh8 Nf4+ 38. Kf3 f6 39. h4 1-0

[Event "Almansa op-A 12th"]
[Site "Almansa"]
[Date "2017.08.03"]
[Round "4"]
[White "Garcia Romero, Benjamin Abel"]
[Black "Nicolas Zapata, Javier"]
[Result "1-0"]
[WhiteElo "2217"]
[BlackElo "2138"]
[PlyCount "63"]
[EventDate "2017.08.01"]
[EventType "swiss"]
[EventRounds "9"]
[EventCountry "ESP"]
[SourceTitle "CBM 179 Extra"]
[Source "ChessBase"]
[SourceDate "2017.08.23"]
[SourceVersion "1"]
[SourceVersionDate "2017.08.23"]
[SourceQuality "1"]

1. e4 c5 2. Nf3 Nc6 3. Nc3 g6 4. d4 cxd4 5. Nxd4 Bg7 6. Be3 Nf6 7. Bc4 0-0 8. Bb3 d6 9. h3 Nxd4 10. Bxd4 b5 11. 0-0 Bb7 12. Bd5 Nxd5 13. Bxg7 Nxc3 14. Bxc3 b4 15. Bxb4 Bxe4 16. c4 Qc8 17. f3 Qxc4 18. Qd2 Rab8 19. a3 Ba8 20. Rac1 Qd5 21. Qe3 Qb7 22. Rfe1 Rfe8 23. Qg5 Qb6+ 24. Kh1 e5 25. Rc4 Qf2 26. Rec1 a5 27. R4c2 Qb6 28. Be1 Qa6 29. Bh4 Rbc8 30. Qh6 Bxf3 31. Bf6 Bxg2+ 32. Kh2 1-0

[Event "Quart de Poblet op 4th"]
[Site "Quart de Poblet"]
[Date "2016.09.03"]
[Round "5"]
[White "Torrijos Garcia, Borja"]
[Black "Nicolas Zapata, Javier"]
[Result "0-1"]
[WhiteElo "1911"]
[BlackElo "2147"]
[PlyCount "52"]
[EventDate "2016.09.01"]
[EventType "swiss"]
[EventRounds "7"]
[EventCountry "ESP"]
[SourceTitle "EXT 2024"]
[Source "ChessBase"]
[SourceDate "2023.10.10"]
[SourceVersion "1"]
[SourceVersionDate "2023.10.10"]
[SourceQuality "1"]

1. c4 b6 2. g3 Bb7 3. Nf3 Bxf3 4. exf3 c5 5. Bg2 Nc6 6. 0-0 g6 7. Nc3 Bg7 8. d3 Rc8 9. Bg5 h6 10. Be3 e6 11. Nb5 d6 12. Qa4 Qd7 13. Rab1 Nge7 14. b4 cxb4 15. d4 0-0 16. Rfd1 d5 17. c5 bxc5 18. dxc5 a5 19. f4 Rfd8 20. Nd6 Rc7 21. Rb3 Nc8 22. Nb5 Rb7 23. Bf1 Bf6 24. Nd4 Bxd4 25. Rxd4 Nxd4 26. Qxd7 Nf3+ 0-1

[Event "Benimodo U2200 op 11th"]
[Site "Benimodo"]
[Date "2016.08.21"]
[Round "6"]
[White "Nicolas Zapata, Javier"]
[Black "Adell Corts, Francisco"]
[Result "0-1"]
[WhiteElo "2155"]
[BlackElo "2182"]
[PlyCount "90"]
[EventDate "2016.08.19"]
[EventType "swiss"]
[EventRounds "7"]
[EventCountry "ESP"]
[SourceTitle "EXT 2024"]
[Source "ChessBase"]
[SourceDate "2023.10.10"]
[SourceVersion "1"]
[SourceVersionDate "2023.10.10"]
[SourceQuality "1"]

1. e4 e6 2. d4 d5 3. Nc3 Nf6 4. e5 Nfd7 5. Nf3 c5 6. dxc5 Bxc5 7. Bd3 Nc6 8. Bf4 Be7 9. Qe2 a6 10. h4 Nc5 11. Rh3 Qb6 12. 0-0-0 Bd7 13. Rg3 g6 14. Bg5 0-0-0 15. Bxe7 Nxe7 16. Ng5 Be8 17. Rf3 Nf5 18. Bxf5 gxf5 19. Qd2 h6 20. Nh3 d4 21. Ne2 Bc6 22. Rg3 Ne4 23. Qf4 Nxg3 24. fxg3 d3 25. cxd3 Bxg2 26. Nf2 Kb8 27. d4 Rc8+ 28. Nc3 Rhd8 29. Qd2 Rc4 30. Qxh6 Rdxd4 31. Rxd4 Qxd4 32. Nfd1 Bf3 33. Ne3 Rc8 34. a3 Qxe5 35. Qg5 f6 36. Qh6 Qxg3 37. Kb1 f4 38. Nc2 Qg1+ 39. Ka2 e5 40. Qxf6 Qc5 41. Nb4 a5 42. Nc2 Bd5+ 43. Ka1 Bb3 44. Ne1 Qd4 45. Nf3 Qd1+ 0-1

[Event "Sueca op 2nd"]
[Site "Sueca"]
[Date "2016.07.28"]
[Round "5.5"]
[White "Granero Roca, Antonio"]
[Black "Nicolas Zapata, Javier"]
[Result "1-0"]
[WhiteElo "2417"]
[BlackElo "2117"]
[PlyCount "79"]
[EventDate "2016.07.25"]
[EventType "swiss"]
[EventRounds "8"]
[EventCountry "ESP"]
[SourceTitle "EXT 2024"]
[Source "ChessBase"]
[SourceDate "2023.10.10"]
[SourceVersion "1"]
[SourceVersionDate "2023.10.10"]
[SourceQuality "1"]

1. Nf3 d5 2. g3 Nc6 3. d4 Bg4 4. Bg2 Nf6 5. 0-0 Bxf3 6. Bxf3 e5 7. dxe5 Nxe5 8. Bg2 c6 9. b3 Bd6 10. Bb2 0-0 11. Nd2 Re8 12. Re1 Bc5 13. e3 d4 14. exd4 Bxd4 15. Bxd4 Qxd4 16. Ne4 Qxd1 17. Nxf6+ gxf6 18. Raxd1 Rad8 19. Kf1 Rxd1 20. Rxd1 Re7 21. Rd8+ Kg7 22. h3 Rd7 23. Ra8 a6 24. Rb8 Ng6 25. h4 Ne5 26. Bh3 Re7 27. Kg2 c5 28. Rc8 Nc6 29. Bf5 Re5 30. Bg4 Nb4 31. Rc7 Nxc2 32. f4 Re8 33. Bh5 Rf8 34. Rxb7 Nb4 35. a4 Nc2 36. Be2 Re8 37. Kf2 Nd4 38. Bc4 Nf5 39. Rxf7+ Kg6 40. g4 1-0

[Event "Sueca op 2nd"]
[Site "Sueca"]
[Date "2016.07.28"]
[Round "4.12"]
[White "Nicolas Zapata, Javier"]
[Black "Castellet Menchon, Cora"]
[Result "1-0"]
[WhiteElo "2117"]
[BlackElo "1861"]
[PlyCount "55"]
[EventDate "2016.07.25"]
[EventType "swiss"]
[EventRounds "8"]
[EventCountry "ESP"]
[SourceTitle "EXT 2024"]
[Source "ChessBase"]
[SourceDate "2023.10.10"]
[SourceVersion "1"]
[SourceVersionDate "2023.10.10"]
[SourceQuality "1"]

1. Nc3 c5 2. e4 Nc6 3. Bb5 g6 4. Bxc6 bxc6 5. d3 Bg7 6. f4 d5 7. Bd2 e6 8. Nf3 Ne7 9. Rb1 Qb6 10. b3 a5 11. Na4 Qa7 12. Be3 d4 13. Bc1 Rb8 14. Nd2 Ba6 15. Ba3 Rb5 16. Nc4 Nc8 17. 0-0 0-0 18. Qe1 Bb7 19. f5 exf5 20. exf5 Ba8 21. f6 Bh8 22. Qh4 Qd7 23. Nxc5 Qd5 24. Ne4 Rd8 25. Rf3 Qh5 26. Qf4 Qf5 27. Qg3 Qd5 28. Re1 1-0

[Event "Sueca op 2nd"]
[Site "Sueca"]
[Date "2016.07.26"]
[Round "2.17"]
[White "Nicolas Zapata, Javier"]
[Black "Herrero Carrion, Alejandro"]
[Result "1-0"]
[WhiteElo "2117"]
[BlackElo "1812"]
[PlyCount "48"]
[EventDate "2016.07.25"]
[EventType "swiss"]
[EventRounds "8"]
[EventCountry "ESP"]
[SourceTitle "EXT 2024"]
[Source "ChessBase"]
[SourceDate "2023.10.10"]
[SourceVersion "1"]
[SourceVersionDate "2023.10.10"]
[SourceQuality "1"]

1. e4 d6 2. d4 Nf6 3. Nc3 c6 4. f4 Qa5 5. Bd2 Qb6 6. Nf3 Bg4 7. e5 Nfd7 8. Bd3 e6 9. exd6 Bxd6 10. Ne4 Be7 11. Bc3 0-0 12. h3 Bxf3 13. Qxf3 Nf6 14. g4 Nd5 15. 0-0-0 f5 16. gxf5 exf5 17. Ng3 Nxc3 18. bxc3 Qa5 19. Nxf5 Rxf5 20. Qe4 Qa3+ 21. Kd2 Ra5 22. Qe6+ Kh8 23. Qf7 Nd7 24. Rhg1 Rg8 1-0

[Event "Mislata op-B 48th"]
[Site "Mislata"]
[Date "2014.08.15"]
[Round "7"]
[White "Nicolas Zapata, Javier"]
[Black "Corona Gentil, Jose Luis"]
[Result "1/2-1/2"]
[WhiteElo "2094"]
[BlackElo "2024"]
[PlyCount "51"]
[EventDate "2014.08.11"]
[EventType "swiss"]
[EventRounds "9"]
[EventCountry "ESP"]
[SourceTitle "CBM 161 Extra"]
[Source "ChessBase"]
[SourceDate "2014.08.29"]
[SourceVersion "1"]
[SourceVersionDate "2014.08.29"]
[SourceQuality "1"]

1. d4 d5 2. c4 c6 3. cxd5 cxd5 4. Nc3 e6 5. Bf4 Bd6 6. Bxd6 Qxd6 7. Rc1 Nc6 8. Nf3 Nf6 9. e3 0-0 10. Bd3 e5 11. dxe5 Nxe5 12. Nxe5 Qxe5 13. Be2 Be6 14. 0-0 Ne4 15. Qd3 Nxc3 16. Rxc3 Rac8 17. Rfc1 Rxc3 18. Rxc3 Rc8 19. Qb5 g6 20. Rxc8+ Bxc8 21. Bf3 Be6 22. e4 a6 23. Qxb7 dxe4 24. Bxe4 Bxa2 25. Bd3 Kg7 26. Qxa6 1/2-1/2

[Event "Mislata op-B 48th"]
[Site "Mislata"]
[Date "2014.08.14"]
[Round "5"]
[White "Nicolas Zapata, Javier"]
[Black "Tortosa Fito, Sergio"]
[Result "1-0"]
[WhiteElo "2094"]
[BlackElo "1934"]
[PlyCount "67"]
[EventDate "2014.08.11"]
[EventType "swiss"]
[EventRounds "9"]
[EventCountry "ESP"]
[SourceTitle "CBM 161 Extra"]
[Source "ChessBase"]
[SourceDate "2014.08.29"]
[SourceVersion "1"]
[SourceVersionDate "2014.08.29"]
[SourceQuality "1"]

1. Nf3 c5 2. e4 e6 3. d4 cxd4 4. Nxd4 a6 5. Nc3 Qc7 6. Bd3 Nf6 7. Qe2 d6 8. f4 Nbd7 9. g4 h6 10. Bd2 b5 11. 0-0-0 b4 12. Nd5 exd5 13. exd5+ Be7 14. Nf5 Nc5 15. Nxg7+ Kf8 16. Nf5 Nxd3+ 17. Qxd3 Bxf5 18. Qxf5 a5 19. g5 Qd7 20. Qd3 hxg5 21. fxg5 Rh3 22. gxf6 Rxd3 23. fxe7+ Qxe7 24. Bh6+ Kg8 25. Rxd3 Qh4 26. Rg1+ Kh7 27. Bg5 Qxh2 28. Rg4 Qh1+ 29. Rd1 Qf3 30. Rdg1 f5 31. R4g3 Qh5 32. Bf4 Re8 33. R3g2 Re2 34. Rg7+ 1-0

[Event "Gibraltar Challengers-B 12th"]
[Site "Caleta"]
[Date "2014.02.03"]
[Round "3"]
[White "Nicolas Zapata, Javier"]
[Black "Hamer, Martyn"]
[Result "1-0"]
[WhiteElo "2134"]
[BlackElo "2011"]
[PlyCount "79"]
[EventDate "2014.02.01"]
[EventType "swiss"]
[EventRounds "5"]
[EventCountry "GGB"]
[SourceTitle "CBM 158 Extra"]
[Source "ChessBase"]
[SourceDate "2014.02.28"]
[SourceVersion "1"]
[SourceVersionDate "2014.02.28"]
[SourceQuality "1"]

1. e4 Nf6 2. Nc3 d5 3. d4 dxe4 4. f3 exf3 5. Nxf3 e6 6. Bg5 Be7 7. Bd3 c5 8. dxc5 Qa5 9. Qd2 Nc6 10. 0-0-0 0-0 11. Kb1 Rd8 12. Qf4 Nb4 13. Bc4 Qxc5 14. Ne5 Rf8 15. Rhe1 Nbd5 16. Bxd5 Nxd5 17. Nxd5 Bxg5 18. Qxg5 exd5 19. Nd3 Qd6 20. Nf4 Be6 21. Nh5 g6 22. Nf6+ Kg7 23. Nh5+ Kg8 24. Qf6 gxh5 25. Re5 Qxe5 26. Qxe5 Rac8 27. Rd3 Rc4 28. Qxh5 Rg4 29. g3 Re4 30. b3 b5 31. h4 f6 32. Rxd5 Re1+ 33. Rd1 Re5 34. Qh6 Bf5 35. Rf1 b4 36. g4 Be4 37. Rxf6 Rc8 38. Re6 Bxc2+ 39. Kb2 Rec5 40. Re7 1-0

[Event "Gibraltar Challengers-B 12th"]
[Site "Caleta"]
[Date "2014.02.02"]
[Round "2"]
[White "Martinez Reyes, Pedro Ramon"]
[Black "Nicolas Zapata, Javier"]
[Result "1-0"]
[WhiteElo "2266"]
[BlackElo "2134"]
[PlyCount "109"]
[EventDate "2014.02.01"]
[EventType "swiss"]
[EventRounds "5"]
[EventCountry "GGB"]
[SourceTitle "CBM 158 Extra"]
[Source "ChessBase"]
[SourceDate "2014.02.28"]
[SourceVersion "1"]
[SourceVersionDate "2014.02.28"]
[SourceQuality "1"]

1. e4 c5 2. Nf3 d6 3. Bb5+ Nd7 4. d4 Ngf6 5. e5 Qa5+ 6. Nc3 cxd4 7. Qxd4 dxe5 8. Nxe5 a6 9. Bxd7+ Nxd7 10. Nxd7 Bxd7 11. 0-0 e6 12. Rd1 Bc6 13. Qg4 h5 14. Qh3 g6 15. Bf4 Qf5 16. Qe3 Bc5 17. Qe5 Rg8 18. Rd3 Qxe5 19. Bxe5 Ke7 20. Bd4 Bxd4 21. Rxd4 Rgd8 22. Rad1 e5 23. Nd5+ Rxd5 24. Rxd5 Bxd5 25. Rxd5 Ke6 26. Rd2 f5 27. Kf1 Rc8 28. Ke2 Rc5 29. c3 Rd5 30. Rc2 g5 31. Rc1 e4 32. c4 Rc5 33. b4 Rc6 34. c5 b6 35. cxb6 Rxb6 36. a3 a5 37. bxa5 Rb3 38. a4 Rb4 39. Ra1 Rb2+ 40. Ke1 Rb7 41. Kd2 Ra7 42. Kc3 Rxa5 43. Kb4 Ra8 44. a5 f4 45. a6 Ke5 46. a7 e3 47. fxe3 fxe3 48. Kc3 Ke4 49. Kc2 g4 50. Kd1 h4 51. Ke2 h3 52. g3 Kf5 53. Ra4 Kg5 54. Ra5+ Kg6 55. Kxe3 1-0

[Event "Gibraltar Challengers-A 12th"]
[Site "Caleta"]
[Date "2014.01.31"]
[Round "5"]
[White "Nicolas Zapata, Javier"]
[Black "Pabalan, Rocky"]
[Result "0-1"]
[WhiteElo "2123"]
[BlackElo "2103"]
[PlyCount "66"]
[EventDate "2014.01.27"]
[EventType "swiss"]
[EventRounds "5"]
[EventCountry "GGB"]
[SourceTitle "CBM 158 Extra"]
[Source "ChessBase"]
[SourceDate "2014.02.28"]
[SourceVersion "1"]
[SourceVersionDate "2014.02.28"]
[SourceQuality "1"]

1. e4 c5 2. d4 g6 3. d5 Bg7 4. Nc3 d6 5. Nf3 Nh6 6. h3 0-0 7. Bd3 e5 8. 0-0 Kh8 9. a4 Na6 10. Ne1 f5 11. f4 exf4 12. Bxf4 g5 13. Bd2 g4 14. exf5 Nxf5 15. Qxg4 Bd4+ 16. Kh2 Be5+ 17. Bf4 Ng7 18. Bxe5 Bxg4 19. Bxg7+ Kxg7 20. Rxf8 Qxf8 21. hxg4 Qf4+ 22. Kg1 c4 23. Be2 Nb4 24. Nf3 Nxc2 25. Rf1 Ne3 26. Rf2 Nxg4 27. Rf1 Rc8 28. Nd1 Re8 29. Re1 Qg3 30. Kf1 Re3 31. Nd4 Nh2+ 32. Kg1 Qxe1+ 33. Kxh2 Qh4+ 0-1

[Event "Benidorm op U2300 12th"]
[Site "Benidorm"]
[Date "2013.12.01"]
[Round "4"]
[White "Nicolas Zapata, Javier"]
[Black "Aracil Serra, Javier"]
[Result "0-1"]
[WhiteElo "2084"]
[BlackElo "2179"]
[PlyCount "62"]
[EventDate "2013.11.29"]
[EventType "swiss"]
[EventRounds "10"]
[EventCountry "ESP"]
[SourceTitle "CBM 157 Extra"]
[Source "ChessBase"]
[SourceDate "2013.12.19"]
[SourceVersion "1"]
[SourceVersionDate "2013.12.19"]
[SourceQuality "1"]

1. d4 Nf6 2. c4 c5 3. d5 g6 4. Nc3 Bg7 5. e4 0-0 6. f4 d6 7. Be2 b5 8. cxb5 a6 9. bxa6 Bxa6 10. Nf3 Qb6 11. h3 Nh5 12. Bxa6 Nxa6 13. 0-0 c4+ 14. Kh2 Nb4 15. Ne1 Rfb8 16. a3 Na6 17. g4 Nf6 18. e5 dxe5 19. fxe5 Nd7 20. Nf3 Nxe5 21. Nxe5 Bxe5+ 22. Kg2 Nc5 23. Qf3 f6 24. Ne4 Nd3 25. Rb1 Qb3 26. Be3 Qc2+ 27. Nf2 Bxb2 28. d6 exd6 29. Qd5+ Kh8 30. Rxb2 Qxb2 31. Bd4 Nf4+ 0-1

[Event "ESP-ch 78th"]
[Site "Linares"]
[Date "2013.09.04"]
[Round "7"]
[White "Martinez Lopez, David"]
[Black "Nicolas Zapata, Javier"]
[Result "1-0"]
[WhiteElo "2238"]
[BlackElo "2084"]
[PlyCount "55"]
[EventDate "2013.08.29"]
[EventType "swiss"]
[EventRounds "9"]
[EventCountry "ESP"]
[SourceTitle "CBM 156 Extra"]
[Source "ChessBase"]
[SourceDate "2013.10.22"]
[SourceVersion "1"]
[SourceVersionDate "2013.10.22"]
[SourceQuality "1"]

1. e4 c5 2. Nf3 e6 3. d4 cxd4 4. Nxd4 Nf6 5. Nc3 d6 6. Bc4 Be7 7. 0-0 0-0 8. Bb3 Na6 9. f4 Nc5 10. Qf3 a5 11. a4 e5 12. Ndb5 Nxb3 13. cxb3 Be6 14. fxe5 dxe5 15. Qg3 Bxb3 16. Qxe5 Bc4 17. Rf3 Re8 18. Qf5 g6 19. Qf4 Nxe4 20. Nxe4 Qd1+ 21. Rf1 Bxf1 22. Nbc3 Qc2 23. Qxf1 f5 24. Qc4+ Kg7 25. Qd4+ Kg8 26. Bh6 Bf8 27. Nf6+ Kf7 28. Nxe8 1-0

[Event "La Roda op 40th"]
[Site "La Roda"]
[Date "2013.03.28"]
[Round "2"]
[White "Nicolas Zapata, Javier"]
[Black "Suba, Mihai"]
[Result "0-1"]
[WhiteElo "2075"]
[BlackElo "2414"]
[PlyCount "24"]
[EventDate "2013.03.27"]
[EventType "swiss"]
[EventRounds "9"]
[EventCountry "ESP"]
[SourceTitle "CBM 153 Extra"]
[Source "ChessBase"]
[SourceDate "2013.04.22"]
[SourceVersion "1"]
[SourceVersionDate "2013.04.22"]
[SourceQuality "1"]

1. e4 c5 2. Nc3 e6 3. Nge2 Nf6 4. d4 cxd4 5. Nxd4 d6 6. g3 a6 7. Bg2 Be7 8. 0-0 0-0 9. Be3 Qc7 10. h4 Nc6 11. Nde2 b5 12. Bd2 Rb8 0-1

[Event "Palma de Mallorca (Women)"]
[Site "Palma de Mallorca"]
[Date "2013.02.22"]
[Round "8.3"]
[White "Nicolas Zapata, Javier"]
[Black "Ali, Ehsan"]
[Result "1/2-1/2"]
[WhiteElo "2075"]
[BlackElo "2335"]
[PlyCount "64"]
[EventDate "2013.02.17"]
[EventType "swiss"]
[EventRounds "9"]
[EventCountry "ESP"]
[SourceTitle "EXT 2024"]
[Source "ChessBase"]
[SourceDate "2023.10.10"]
[SourceVersion "1"]
[SourceVersionDate "2023.10.10"]
[SourceQuality "1"]

1. d4 d5 2. Bf4 c6 3. e3 Nf6 4. c4 e6 5. Nc3 Bd6 6. Bxd6 Qxd6 7. Nf3 Nbd7 8. cxd5 exd5 9. Bd3 0-0 10. 0-0 Re8 11. Qc2 g6 12. Rab1 a5 13. a3 b6 14. b4 axb4 15. axb4 Bb7 16. Qb3 Ra7 17. Ra1 Rea8 18. Rxa7 Rxa7 19. h3 Kg7 20. Rd1 h6 21. Nd2 Nf8 22. Be2 Ne6 23. b5 c5 24. dxc5 bxc5 25. Nde4 Nxe4 26. Nxe4 Qe5 27. b6 Ra8 28. Nd2 d4 29. Bf3 Qb8 30. Bxb7 Qxb7 31. exd4 Nxd4 32. Qb2 Ra4 1/2-1/2

[Event "Cullera op-A 29th"]
[Site "Cullera"]
[Date "2012.08.25"]
[Round "1"]
[White "Montalban Galvez, Antonio"]
[Black "Nicolas Zapata, Javier"]
[Result "1-0"]
[WhiteElo "2204"]
[BlackElo "2043"]
[PlyCount "118"]
[EventDate "2012.08.25"]
[EventType "swiss"]
[EventRounds "9"]
[EventCountry "ESP"]
[SourceTitle "CBM 150 Extra"]
[Source "ChessBase"]
[SourceDate "2012.10.19"]
[SourceVersion "1"]
[SourceVersionDate "2012.10.19"]
[SourceQuality "1"]

1. Nf3 Nf6 2. c4 g6 3. g3 Bg7 4. Bg2 0-0 5. 0-0 c6 6. d4 d5 7. cxd5 cxd5 8. Nc3 Ne4 9. Nxe4 dxe4 10. Ne5 Nd7 11. Nxd7 Bxd7 12. Bxe4 Bh3 13. Bxb7 Bxf1 14. Bxa8 Bxe2 15. Qxe2 Qxa8 16. Be3 Qd5 17. b3 Bxd4 18. Bxd4 Qxd4 19. Rd1 Qc5 20. Rd7 Qc1+ 21. Qd1 Qa3 22. Qd2 Rc8 23. h4 h5 24. Kg2 Qc5 25. b4 Qc6+ 26. Kg1 Qe4 27. Rxa7 Rc2 28. Rxe7 Qxe7 29. Qxc2 Qxb4 30. a4 Kg7 31. Qc6 Kh6 32. Qa8 Kg7 33. a5 g5 34. hxg5 h4 35. gxh4 Qxh4 36. Qd5 Qg4+ 37. Kf1 Qh3+ 38. Ke2 Qg4+ 39. Ke3 Qh3+ 40. Kd4 Qg4+ 41. Kc5 Qc8+ 42. Kb5 Qe8+ 43. Kc5 Qc8+ 44. Kb4 Qb8+ 45. Kc3 Qc8+ 46. Kb2 Qe8 47. Qc5 Kg8 48. Ka3 Qe4 49. Qc8+ Kg7 50. a6 Qd3+ 51. Ka4 Qd4+ 52. Kb5 Qb2+ 53. Kc6 Qc3+ 54. Kd7 Qh3+ 55. Kd8 Qd3+ 56. Qd7 Qg6 57. f4 Qb6+ 58. Qc7 Qd4+ 59. Ke8 Qe3+ 1-0

[Event "Almansa op 7th"]
[Site "Almansa"]
[Date "2012.08.10"]
[Round "6"]
[White "Kovacevic, Slobodan"]
[Black "Nicolas Zapata, Javier"]
[Result "1-0"]
[WhiteElo "2300"]
[BlackElo "2043"]
[PlyCount "57"]
[EventDate "2012.08.07"]
[EventType "swiss"]
[EventRounds "9"]
[EventCountry "ESP"]
[SourceTitle "CBM 149 Extra"]
[Source "ChessBase"]
[SourceDate "2012.08.24"]
[SourceVersion "1"]
[SourceVersionDate "2012.08.24"]
[SourceQuality "1"]

1. d4 Nf6 2. Nf3 e6 3. Bf4 b6 4. Nbd2 Bb7 5. Nc4 d5 6. Nce5 c5 7. Ng5 Qe7 8. e3 Nbd7 9. Nexf7 Ne4 10. Nxh8 Nxg5 11. Qh5+ Nf7 12. Nxf7 Qxf7 13. Qxh7 0-0-0 14. Be2 Nf6 15. Qh3 Be7 16. f3 Rf8 17. g4 Qg6 18. Kd2 b5 19. a3 a5 20. Qg3 b4 21. axb4 axb4 22. Bd6 b3 23. Rhc1 Kd7 24. Bxe7 Kxe7 25. Qc7+ Nd7 26. Qxb7 Rxf3 27. Ra7 Rf2 28. Qxd7+ Kf6 29. Qd8# 1-0

[Event "ESP-ch U18"]
[Site "Salobrena"]
[Date "2012.07.26"]
[Round "6"]
[White "Silva Rodriguez, Julio Jose"]
[Black "Nicolas Zapata, Javier"]
[Result "1-0"]
[WhiteElo "2168"]
[BlackElo "2050"]
[PlyCount "53"]
[EventDate "2012.07.23"]
[EventType "swiss"]
[EventRounds "9"]
[EventCountry "ESP"]
[SourceTitle "EXT 2014"]
[Source "ChessBase"]
[SourceDate "2013.11.20"]
[SourceVersion "1"]
[SourceVersionDate "2013.11.20"]
[SourceQuality "1"]

1. e4 c5 2. Nf3 Nc6 3. d4 cxd4 4. Nxd4 g6 5. Nc3 Bg7 6. Be3 Nf6 7. Bc4 0-0 8. Bb3 Ng4 9. Qxg4 Nxd4 10. Qd1 Nxb3 11. axb3 b6 12. h4 Bb7 13. Bd4 e5 14. Be3 b5 15. Bc5 Re8 16. Qd3 a6 17. Rd1 Qc7 18. b4 Bc6 19. h5 Qb7 20. hxg6 fxg6 21. Qh3 h5 22. Rd6 Rad8 23. f3 Kf7 24. Rxg6 Re6 25. Qf5+ Rf6 26. Rxf6+ Bxf6 27. Rxh5 1-0